| 000 | 00407nam a2200169Ia 4500 | ||
|---|---|---|---|
| 008 | 230524s9999 xx 000 0 und d | ||
| 020 | _a9788131724262 | ||
| 082 |
_a621.3824105 _bSCH |
||
| 100 | _aJochen Schiller | ||
| 245 | 0 | _aMobile Communications | |
| 250 | _a2ND | ||
| 260 |
_aNEW DELHI _bPearson _c2004 |
||
| 300 | _a492 | ||
| 500 | _aQuantity Number: 184 | ||
| 650 | _aElectronics | ||
| 942 | _cBK | ||
| 999 |
_c16870 _d16870 |
||